[Event "1st Lido Adriano Open"]
[Site "Ravenna ITA"]
[Date "2011.04.04"]
[Round "3"]
[White "Zaslavsky,M"]
[Black "Vovk,Y"]
[Result "0-1"]
[WhiteElo "2431"]
[BlackElo "2541"]

1.e4 e6 2.d4 d5 3.Nd2 Be7 4.Ngf3 Nf6 5.e5 Nfd7 6.c3 c5 7.Bd3 b6 8.Qe2 a5
9.a4 Ba6 10.Bb5 Qc8 11.O-O Nc6 12.Nb3 c4 13.Bxa6 Qxa6 14.Nbd2 O-O 15.Ne1 b5
16.axb5 Qxb5 17.f4 a4 18.f5 exf5 19.Rxf5 Nb6 20.Nc2 Na5 21.Ne3 Qd7 22.Rf1 f6
23.Ng4 Qe6 24.Re1 Nb3 25.Nxb3 cxb3 26.exf6 Qxe2 27.Rxe2 Bxf6 28.Re6 Nc4 29.Ne3 a3
30.bxa3 Kf7 31.Nxc4 Kxe6 32.Nb2 Kd7 33.Nd3 Be7 34.a4 Bd6 35.a5 Kc6 36.Bd2 Rfb8
37.Nb2 Bc7 38.a6 Rb6 39.a7 Rb7 40.Ra6+ Bb6 41.Ra3 Raxa7  0-1

[Event "Telin International Open"]
[Site "Jakarta INA"]
[Date "2011.04.05"]
[Round "6.14"]
[White "Jamaludin"]
[Black "Gunawan,Ro"]
[Result "1/2-1/2"]
[WhiteElo "2192"]
[BlackElo "2420"]

1.e4 e6 2.d4 d5 3.Nd2 Nc6 4.Ngf3 Nf6 5.e5 Nd7 6.c3 f6 7.exf6 Qxf6 8.Nb3 Bd6
9.Bg5 Qf7 10.Bd3 e5 11.dxe5 Ndxe5 12.Be2 O-O 13.O-O Bd7 14.Bh4 Ng6 15.Ng5 Qe7
16.Bd3 Qe5 17.f4 Rxf4 18.Re1 Re4 19.Bxe4 Qxh2+ 20.Kf1 Qh1+ 21.Ke2 Bg4+ 22.Kd2 Bf4+
23.Kc2 Bxd1+ 24.Raxd1 Qxh4 25.Bxd5+ Kf8 26.Ne6+ Ke7 27.Ned4+ Kf8 28.Ne6+ Ke7
29.Nxf4+ Nge5 30.Nd3 Kf6 31.Rf1+ Ke7 32.Bxc6 Nxc6 33.Rde1+ Kd6 34.Ndc5 Ne5
35.Nxb7+ Kd5 36.Rd1+ Kc6 37.N3a5+ Kb6 38.Rd4 Qg3 39.Rb4+ Ka6 40.Nc5+  1/2-1/2

[Event "1st Lido Adriano Open"]
[Site "Ravenna ITA"]
[Date "2011.04.06"]
[Round "5"]
[White "Shytaj,L"]
[Black "Vovk,Y"]
[Result "1/2-1/2"]
[WhiteElo "2475"]
[BlackElo "2541"]

1.e4 e6 2.d4 d5 3.Nd2 Be7 4.Ngf3 Nf6 5.e5 Nfd7 6.Bd3 c5 7.c3 b6 8.a4 cxd4
9.cxd4 Nc6 10.O-O Nb4 11.Bb5 a6 12.Be2 Nb8 13.h4 N8c6 14.h5 f5 15.exf6 Bxf6
16.h6 O-O 17.Nb3 e5 18.dxe5 Nxe5 19.Nbd4 Qd6 20.hxg7 Bxg7 21.Nxe5 Bxe5 22.Be3 Ra7
23.Bg4 Qg6 24.Bxc8 Rxc8 25.Qf3 Rf8 26.Qh3 Nd3 27.Qe6+ Qxe6 28.Nxe6 Rf6 29.Nd4 Nxb2
30.Nf3 Nc4 31.Nxe5 Nxe5 32.f4 Nc4 33.Bd4 Re6 34.a5 Re4 35.axb6 Rb7 36.Rfd1 a5
37.Bf2 Nxb6 38.Rxa5 Nc4 39.Raxd5  1/2-1/2

[Event "Karposh Open"]
[Site "Skopje MKD"]
[Date "2011.04.06"]
[Round "6"]
[White "Smith,Bry"]
[Black "Djukic,Sa"]
[Result "1/2-1/2"]
[WhiteElo "2466"]
[BlackElo "2177"]

1.e4 e6 2.d4 d5 3.Nd2 Be7 4.Ngf3 Nf6 5.e5 Nfd7 6.Bd3 c5 7.c3 Nc6 8.O-O g5
9.Kh1 Qb6 10.dxc5 Nxc5 11.Nb3 Nxd3 12.Qxd3 g4 13.Nfd4 Nxe5 14.Qe2 Ng6 15.f4 f5
16.Re1 Kf7 17.c4 dxc4 18.Qxc4 Qa6 19.Nb5 Bd7 20.a4 Rhc8 21.Qe2 Qc6 22.N3d4 Qc4
23.Qf2 a6 24.Nc3 Bh4 25.g3 Bf6 26.Be3 Bxd4 27.Bxd4 Qc6+ 28.Kg1 b5 29.Rac1 b4
30.Ne2 Qd5 31.h4 Rxc1 32.Rxc1 Rc8 33.Rxc8 Bxc8 34.Qg2 Qd7 35.h5 Nf8 36.Qh2 h6
37.Kf2 Bb7 38.Ke3 Bf3 39.Nc1 Qxa4 40.Nd3 Nd7 41.Qd2 a5 42.Ne5+ Nxe5 43.Bxe5 Qb3+
44.Qd3 Qxd3+ 45.Kxd3 Bd5 46.Bc7 a4 47.Bd6 b3 48.Kc3 Bc6 49.Be5 Be8 50.Kb4 Kf8
51.Bd6+ Kf7 52.Be5  1/2-1/2

[Event "TCh-RUS Premier"]
[Site "Olginka RUS"]
[Date "2011.04.12"]
[Round "1"]
[White "Sjugirov,S"]
[Black "Manukyan,SaV"]
[Result "1-0"]
[WhiteElo "2643"]
[BlackElo "2272"]

1.e4 e6 2.d4 d5 3.Nd2 Be7 4.Bd3 c5 5.dxc5 Nd7 6.b4 a5 7.exd5 exd5 8.a3 axb4
9.Bb2 Nxc5 10.Bb5+ Bd7 11.Bxd7+ Nxd7 12.Bxg7 Bf6 13.Bxf6 Qxf6 14.a4 Nc5 15.Ne2 Rxa4
16.Rxa4 Nxa4 17.Qb1 Qe7 18.O-O Nf6 19.Qa1 O-O 20.Re1 Nc5 21.Nd4 Qd7 22.Qa5 Na6
23.Qb6 Re8 24.Rb1 Kg7 25.Nf1 Qc7 26.Qxc7 Nxc7 27.Rxb4 b5 28.f3 Ra8 29.Rb1 Ra5
30.Ne3 Nfe8 31.Nef5+ Kf6 32.g4 Ng7 33.g5+ Kg6 34.Nc6 Nxf5 35.Nxa5 Kxg5 36.Kf2 Kf4
37.Nc6 Nd6 38.Rb4+ Kf5 39.Rh4 Kg6 40.Rd4 Kf5 41.Nb4 h6 42.Rh4 Kg5 43.Rg4+ Kf6
44.Rg8 Ke6 45.Kg3 Nf5+ 46.Kg4 Kf6 47.Rc8 h5+ 48.Kxh5 Ne6 49.Kg4 Ke5 50.Nd3+ Kf6
51.Nb4 Ke5 52.Rb8 Ne3+ 53.Kg3 Nf5+ 54.Kf2 Nd6 55.Nd3+ Kd4 56.Rb6  1-0

[Event "Zagreb Open A"]
[Site "Zagreb CRO"]
[Date "2011.04.14"]
[Round "4.14"]
[White "Loncar,R"]
[Black "Ulibin,M"]
[Result "0-1"]
[WhiteElo "2394"]
[BlackElo "2521"]

1.e4 e6 2.d4 d5 3.Nd2 a6 4.Ngf3 Nf6 5.Bd3 c5 6.e5 Nfd7 7.c3 Nc6 8.O-O g5
9.dxc5 g4 10.Nd4 Ndxe5 11.N2b3 Nxd3 12.Qxd3 e5 13.Nxc6 bxc6 14.Qg3 f6 15.f4 gxf3
16.Qxf3 Be7 17.Qh5+ Kd7 18.Bh6 Qe8 19.Qg4+ Kc7 20.Qg7 Rg8 21.Qxh7 Rh8 22.Qg7 Rg8
23.Qh7 Bh3 24.Bg7 Bxg2 25.Kxg2 Qf7 26.Kh1 Rxg7 27.Qf5 Rh8 28.Rf2 Qg8 29.Qd3 Qc8
30.Rg1 Rgh7 31.Rgg2 Rh3 32.Qf1 R8h7 33.Qg1 a5 34.a4 Qa6 35.Qf1 Qxf1+ 36.Rxf1 R3h4
37.Nxa5 Rxa4 38.b4 Ra3 39.Rfg1 Rxc3 40.Rg7 Rch3 41.Rxh7 Rxh7 42.Rg8 d4 43.Kg2 d3
44.Kf2 Rxh2+ 45.Ke1 e4 46.Rg7 Kd7 47.Nxc6 Kxc6 48.Rxe7 f5 49.Re5 Kb5 50.Kd1 Rf2
51.Ke1 Re2+ 52.Kd1 f4 53.Re6 f3 54.Rb6+ Kc4 55.Rf6 f2  0-1

[Event "TCh-RUS Premier"]
[Site "Olginka RUS"]
[Date "2011.04.15"]
[Round "4"]
[White "Rublevsky,S"]
[Black "Vysochin,S"]
[Result "1-0"]
[WhiteElo "2678"]
[BlackElo "2526"]

1.e4 e6 2.d4 d5 3.Nd2 Be7 4.Ngf3 Nf6 5.Bd3 c5 6.e5 Nfd7 7.c3 Nc6 8.O-O g5
9.dxc5 g4 10.Nd4 Ndxe5 11.Bb5 Bd7 12.N2b3 h5 13.Re1 Nxd4 14.Bxd7+ Qxd7 15.cxd4 Ng6
16.Bd2 Bf6 17.Rc1 O-O 18.f3 e5 19.dxe5 Bxe5 20.fxg4 hxg4 21.Bc3 Bxc3 22.Rxc3 Rae8
23.Rf1 f5 24.h3 Re4 25.c6 bxc6 26.Nc5 Qf7 27.Nxe4 dxe4 28.hxg4 f4 29.Qb3 Qxb3
30.axb3 e3 31.Ra1 Ne5 32.Ra5 Re8 33.Kf1 Kf7 34.Ke2 Ke6 35.Ra4 Rf8 36.Rd4 Nxg4
37.Rxc6+ Kf5 38.Rc5+ Ne5 39.Rdd5 Re8 40.Rd4 Rg8 41.Kf1 e2+ 42.Ke1 Rxg2 43.Rdd5 f3
44.Rxe5+ Kf4 45.Rf5+ Ke4 46.Rg5 Rh2 47.Rg4+  1-0

[Event "Zagreb Open B"]
[Site "Zagreb CRO"]
[Date "2011.04.16"]
[Round "6.5"]
[White "Petrusic,T"]
[Black "Dugandzic,B"]
[Result "1/2-1/2"]
[WhiteElo "2164"]
[BlackElo "2210"]

1.e4 e6 2.d4 d5 3.Nd2 Be7 4.Bd3 c5 5.dxc5 Nf6 6.exd5 exd5 7.Ngf3 O-O 8.h3 Bxc5
9.O-O Nc6 10.c3 Bb6 11.Nb3 Ne4 12.Nbd4 Qf6 13.Be3 Re8 14.Re1 Bd7 15.Nxc6 Bxe3
16.Rxe3 Bxc6 17.Qc2 h6 18.Rae1 Nc5 19.Nd4 Rxe3 20.Rxe3 Re8 21.Qe2 Rxe3 22.Qxe3 Nxd3
23.Qxd3 Qf4 24.Qe2 g6 25.Qe1 Kg7 26.Qe7 Qc1+ 27.Kh2  1/2-1/2

[Event "Zagreb Open A"]
[Site "Zagreb CRO"]
[Date "2011.04.17"]
[Round "8.14"]
[White "Jusic,Z"]
[Black "Kovacevic,Bl"]
[Result "0-1"]
[WhiteElo "2373"]
[BlackElo "2466"]

1.e4 e6 2.d4 d5 3.Nd2 a6 4.Ngf3 Nf6 5.Bd3 c5 6.e5 Nfd7 7.c3 Nc6 8.O-O g5
9.h3 h5 10.g4 hxg4 11.hxg4 Qb6 12.c4 cxd4 13.Re1 Nc5 14.Nb3 Nxd3 15.Qxd3 Nb4
16.Qd2 dxc4 17.Nbxd4 Bd7 18.Re4 Nd3 19.Qe2 Bc5 20.b3 Bxd4 21.Rxd4 Bc6 22.Rd6 Rh3
23.Bxg5 Qc5 24.Nh2 Qxe5 25.Qxe5 Nxe5 26.f4 Nf3+ 27.Nxf3 Bxf3 28.Kf2 Bd5 29.bxc4 Bxc4
30.a4 Bd5 31.Rc1 f6 32.Bxf6 Rf3+ 33.Ke2 Rxf4 34.g5 Kf7 35.a5 Kg6 36.Rc7 Rf8
37.Ke3 Re4+ 38.Kd3 Ra4 39.Rc5 Kf5 40.Kc3 Rf7 41.Rd8 Rh7 42.Rh8 Rxh8 43.Bxh8 Kxg5
44.Be5 Kf5 45.Bc7 Ke4 46.Kb2 Rb4+ 47.Kc1 Kd3 48.Rc2 Re4 49.Kb2 Rb4+ 50.Kc1 Rg4
51.Kb2 Rg1 52.Rc3+ Ke4 53.Rc2 Re1 54.Kc3 Re3+ 55.Kd2 Rd3+ 56.Ke1 Rh3 57.Kd2 Kf5
58.Rc3 Rh7 59.Bb8 e5 60.Rc8 Bc6 61.Rf8+ Ke4 62.Rf6 Kd4 63.Ba7+ Kc4 64.Rd6 Bd5
65.Bb6 e4 66.Rd8 Rh2+ 67.Ke3 Rh3+ 68.Ke2 Bc6 69.Rd6 Kc3 70.Re6 Bb5+ 71.Kf2 Rf3+
72.Kg2 Bf1+ 73.Kg1 Bd3 74.Kg2 Kd2 75.Re7 Bf1+ 76.Kg1 e3 77.Bc5 Bb5 78.Re5 Rf1+
79.Kg2 e2 80.Bb4+ Kc2 81.Kg3 Rb1 82.Rc5+ Kb3  0-1

[Event "34th Open"]
[Site "Donostia ESP"]
[Date "2011.04.18"]
[Round "3"]
[White "Hansen,TR"]
[Black "Abello,S"]
[Result "1-0"]
[WhiteElo "2459"]
[BlackElo "2337"]

1.e4 e6 2.d4 d5 3.Nd2 Be7 4.Bd3 c5 5.dxc5 Nf6 6.Qe2 O-O 7.Ngf3 a5 8.a3 Nfd7
9.exd5 exd5 10.Nb3 Nc6 11.O-O Bf6 12.Be3 Re8 13.Qd2 Bxb2 14.Rad1 a4 15.c4 dxc4
16.Bxc4 Qf6 17.Nbd4 Bxd4 18.Nxd4 Nxc5 19.Nxc6 Ne4 20.Qd8 Qxc6 21.Bd5 Rxd8
22.Bxc6 Nd6 23.Bb6 Rf8 24.Bd5 Bf5 25.Bc5 Nb5 26.Bxf8 Rxf8 27.Bxb7 Bc2 28.Ra1 Rb8
29.Rfe1 Kf8 30.Be4 Bb3 31.h4 g6 32.Bd3 Nd4 33.Rac1 Rd8 34.Re3 Kg7 35.Rc7 Kf6
36.Bc4 Ne6 37.Rc6 Rb8 38.g3 Ke7 39.Bxe6 Bxe6 40.Ra6 Rb1+ 41.Kg2 Kf6 42.Rxa4 Bd5+
43.f3 Rb2+ 44.Kh3 h5 45.g4 hxg4+ 46.fxg4 Rb1 47.Ra6+ Kg7 48.a4 Rh1+ 49.Kg3 Rg1+
50.Kf4 Rh1 51.Rd6 Bc4 52.Rc3 Ba2 53.a5 Rxh4 54.Kg3 Rh8 55.a6  1-0

[Event "Norsk Open A"]
[Site "Fagernes NOR"]
[Date "2011.04.18"]
[Round "2"]
[White "Ofstad,P"]
[Black "Richter,Mic"]
[Result "0-1"]
[WhiteElo "2194"]
[BlackElo "2486"]

1.e4 e6 2.d4 d5 3.Nd2 a6 4.Bd3 c5 5.c3 Nc6 6.dxc5 Bxc5 7.Ngf3 Nge7 8.O-O O-O
9.Qe2 Ng6 10.Nb3 Bd6 11.Be3 Qc7 12.exd5 exd5 13.h3 Nf4 14.Bxf4 Bxf4 15.Rad1 g6
16.Bc2 Be6 17.Rfe1 Rae8 18.Qf1 Bh6 19.Nbd4 Kh8 20.Ba4 b5 21.Nxc6 bxa4 22.Ncd4 Qb6
23.Qd3 Bc8 24.b4 axb3 25.axb3 Bb7 26.Ne5 Qc7 27.Qg3 Rc8 28.Rd3 Bg7 29.Nef3 Qxg3
30.fxg3 Rfe8 31.Rxe8+ Rxe8 32.g4 Bf6 33.Kf2 Kg7 34.b4 a5 35.bxa5 Ra8 36.Nb3 Ba6
37.Re3 Bc4 38.Nfd4 Rb8 39.Nd2 Rb2 40.Nf3 Ra2 41.Kg3 Bb5 42.Nb3 Bd8 43.Nfd4 Bf1
44.Re1 Bc7+ 45.Kf3 Bxg2+ 46.Ke3 Bxh3 47.Rg1 g5 48.Nc6 Ra3 49.Ncd4 Kg6 50.Kd3 Bxa5
51.Nxa5 Rxa5 52.Nc6 Ra4 53.Ne7+ Kg7 54.Nf5+ Kf6 55.Ne3 h5 56.gxh5 Bf5+ 57.Nxf5 Kxf5
58.Rf1+ Rf4 59.Rxf4+ gxf4 60.Ke2 Kg5 61.Kf3 f5 62.h6 Kxh6 63.Kxf4 Kg6 64.Ke5 Kg5
65.Kxd5 f4  0-1

[Event "ch-FRA u16b"]
[Site "Montlucon FRA"]
[Date "2011.04.18"]
[Round "3.5"]
[White "Ringuet,N"]
[Black "Cain Rossow,W"]
[Result "1-0"]
[WhiteElo "2016"]
[BlackElo "1747"]

1.e4 e6 2.d4 d5 3.Nd2 Nc6 4.Ngf3 Nf6 5.e5 Nd7 6.c3 f6 7.exf6 Qxf6 8.Bb5 Bd6
9.O-O O-O 10.Qc2 e5 11.Qb3 Nb6 12.Ne4 Qg6 13.Nxd6 cxd6 14.Kh1 e4 15.Ng1 Ne7
16.a4 Be6 17.a5 Nbc8 18.Be2 Nf5 19.Qxb7 Nce7 20.Bf4 Rfb8 21.Qc7 Bc8 22.a6 Rb6
23.g4 Qe8 24.gxf5 Nxf5 25.Bg4 Rc6 26.Qa5 Ne7 27.Bxc8 Raxc8 28.Bg5 Kh8 29.Bxe7 Qxe7
30.Qxd5 Qh4 31.Rae1 Rxa6 32.Qxe4 Qd8 33.Qe7 Qg8 34.Qe6 Qf8 35.Re3 Rb6 36.Rfe1 Rbb8
37.Nf3  1-0

[Event "TCh-RUS Premier"]
[Site "Olginka RUS"]
[Date "2011.04.19"]
[Round "7"]
[White "Sjugirov,S"]
[Black "Najer,E"]
[Result "0-1"]
[WhiteElo "2643"]
[BlackElo "2638"]

1.e4 e6 2.d4 d5 3.Nd2 Be7 4.Bd3 c5 5.dxc5 Nf6 6.Qe2 O-O 7.Ngf3 a5 8.O-O Na6
9.e5 Nd7 10.c3 Naxc5 11.Bc2 b5 12.Nd4 Qc7 13.Re1 b4 14.cxb4 axb4 15.Qe3 f5
16.exf6 Nxf6 17.h3 Bd7 18.N2b3 Nce4 19.Bxe4 Nxe4 20.f3 Ng5 21.Qe5 Qxe5 22.Rxe5 Nf7
23.Re1 e5 24.Nc2 Rfc8 25.Ne3 Be6 26.Ng4 Bh4 27.Rd1 d4 28.Bd2 h5 29.Nf2 Bxf2+
30.Kxf2 Rc2 31.Ke1 Rxb2 32.Nc5 Bf5 33.g4 Bg6 34.gxh5 Bxh5 35.Nd3 Rbxa2 36.Rxa2 Rxa2
37.Nxb4 Ra3 38.Bc1 Rb3 39.Nd3 Bxf3 40.Rd2 e4 41.Nf4 Rb1 42.Rc2 Ne5 43.Rc8+ Kh7
44.Kf2 g5 45.Rc7+ Kh6 46.h4 Ng4+  0-1

[Event "ch-FAI"]
[Site "Vestmanna FAI"]
[Date "2011.04.19"]
[Round "5"]
[White "Thorsteinsson,S"]
[Black "Simonsen,H"]
[Result "1-0"]
[WhiteElo "2095"]
[BlackElo "2179"]

1.e4 e6 2.d4 d5 3.Nd2 Be7 4.Ngf3 Nf6 5.e5 Nfd7 6.Bd3 c5 7.c3 b6 8.Nf1 Ba6
9.Bxa6 Nxa6 10.Ng3 h5 11.h4 Qc7 12.Qe2 Nab8 13.Bg5 Nc6 14.Bxe7 Nxe7 15.O-O Rc8
16.Ng5 g6 17.Qf3 Nf5 18.Nxf5 gxf5 19.Qe3 Nf8 20.f4 Ng6 21.g3 Kf8 22.b4 Kg7
23.bxc5 bxc5 24.Rab1 Ne7 25.Rb5 cxd4 26.cxd4 Kg6 27.Rc5 Qb6 28.Rfc1 Rxc5
29.dxc5 Qa5 30.c6 Rc8 31.Qb3 Rxc6 32.Rxc6 Nxc6 33.Kg2 Qb4 34.Qc2 Qc4 35.Qb2 Nb4
36.Kg1 a5 37.a3 Qc2 38.Qd4 Nc6 39.Qb6 Qd1+ 40.Kh2 Qd2+ 41.Kh1 Qe1+ 42.Kh2 Nxe5
43.fxe5 f4 44.gxf4 Qxh4+ 45.Nh3 Qe1 46.Qb2 Kf5 47.Qg2 d4 48.Nf2 f6 49.Qh3+ Kg6
50.Qd3+ Kg7 51.Qxd4 fxe5 52.fxe5 Kg6 53.Qf4 Kg7 54.a4 Qe2 55.Kh3 Kg8 56.Kh4 Kg7
57.Kg5 Kg8 58.Kf6 Kh7 59.Ne4 Qg2 60.Ng5+ Kg8 61.Nxe6 h4 62.Qg5+ Qxg5+ 63.Nxg5  1-0

[Event "34th Open"]
[Site "Donostia ESP"]
[Date "2011.04.21"]
[Round "7"]
[White "Hansen,TR"]
[Black "Praveen Kumar,C1"]
[Result "1-0"]
[WhiteElo "2459"]
[BlackElo "2352"]

1.e4 e6 2.d4 d5 3.Nd2 Be7 4.Ngf3 Nf6 5.e5 Nfd7 6.Bd3 c5 7.O-O Nc6 8.Re1 g5
9.h4 h6 10.c4 g4 11.cxd5 exd5 12.Nh2 h5 13.dxc5 Nxc5 14.Nb3 Nxb3 15.Qxb3 Bxh4
16.Nf1 Qb6 17.Qxb6 axb6 18.Ne3 Ne7 19.g3 Bg5 20.Nxd5 Nxd5 21.Bxg5 Be6 22.a3 Rc8
23.Red1 Rg8 24.Bh4 Ne7 25.Be4 Nf5 26.Bf6 h4 27.Bxb7 Rb8 28.Bc6+ Kf8 29.Rd3  1-0

[Event "Joao Braga Open"]
[Site "Sao Paolo BRA"]
[Date "2011.04.21"]
[Round "3.22"]
[White "Nery Junior,J"]
[Black "Barbosa,Paulo Eduardo E Silva"]
[Result "1-0"]
[WhiteElo "1984"]
[BlackElo "2254"]

1.e4 e6 2.d4 d5 3.Nd2 Nc6 4.Ngf3 Nf6 5.exd5 exd5 6.Bb5 Be7 7.O-O Bg4 8.Re1 O-O
9.c3 a6 10.Bd3 Bh5 11.Nf1 Bg6 12.Ng3 Re8 13.Nf5 Bf8 14.Bg5 Rxe1+ 15.Nxe1 Qd7
16.Qc2 Ne4 17.Bxe4 dxe4 18.Nh4 e3 19.Nxg6 exf2+ 20.Qxf2 fxg6 21.Nf3 Bd6 22.Re1 Rf8
23.Qe3 h6 24.Bh4 g5 25.Bf2 Bf4 26.Qe4 g4 27.d5 gxf3 28.dxc6 bxc6 29.gxf3 Qd2
30.Qd4 Qxb2 31.Re7 Qb1+ 32.Kg2 Qg6+ 33.Bg3 Bd6 34.Qc4+ Kh8 35.Re6 Qc2+ 36.Re2 Qf5
37.Qxc6 Qd3 38.Rf2 Rf6 39.Qe8+ Kh7 40.Qe4+ Qxe4 41.fxe4 Kg6 42.Rd2 Bxg3 43.Kxg3 Rc6
44.Rd3 Kf6 45.Kf4 g5+ 46.Ke3 Rd6 47.Rd4 Rc6 48.Kd3 Ke5 49.Rd5+ Kf4 50.Rf5+ Kg4
51.Rf2 Kh3 52.e5 h5 53.Kd4 Rb6 54.Kd5 Rb1 55.Re2 g4 56.e6 Rb8 57.e7 h4 58.Ke6 g3
59.hxg3 hxg3 60.Kd7 g2 61.Re3+ Kh2 62.e8=Q Rxe8 63.Rxe8  1-0

[Event "4th Pedro Montalvo Mem"]
[Site "Las Palmas ESP"]
[Date "2011.04.22"]
[Round "7"]
[White "Castilla Arteaga,Carlos David"]
[Black "Galvan Sarmiento,JL"]
[Result "1/2-1/2"]
[WhiteElo "1795"]
[BlackElo "1997"]

1.e4 e6 2.d4 d5 3.Nd2 Be7 4.e5 c5 5.c3 Nc6 6.Ndf3 Qb6 7.Ne2 f6 8.exf6 Nxf6
9.Ng3 cxd4 10.cxd4 Bb4+ 11.Bd2 Bd6 12.Bc3 Bd7 13.Bd3 Nb4 14.Bb1 Bb5 15.Qd2 Nc6
16.Bd3 Bxd3 17.Qxd3 O-O 18.O-O Rae8 19.Rfe1 Qd8 20.Re2 a6 21.Rae1 Qc8 22.Ng5 Nd8
23.Nh5 g6 24.Nxf6+ Rxf6 25.Qh3 Qd7 26.Ba5 Bc7 27.Bxc7 Qxc7 28.Re5 Re7 29.Qe3 Qd7
30.Qd2 Kg7 31.Nf3 Nf7 32.R5e2 Qc8 33.Ne5 Nd6 34.Ng4 Rf5 35.Qh6+ Kh8 36.Ne5 Kg8
37.g4 Nf7 38.Nxg6 Re8 39.Qh4 Rg5 40.Ne5 Rg7 41.Nxf7 Rxf7 42.Re5 Rg7 43.Kh1 Rg6
44.Rg5 Qc2 45.Rxg6+ hxg6 46.Qg5 Kh7 47.Rc1 Qe4+ 48.Kg1 Rf8 49.Qh4+ Kg8 50.Rc7 Qe1+
51.Kg2 Qe4+ 52.Kg1  1/2-1/2

[Event "Doeberl Cup Premier"]
[Site "Canberra AUS"]
[Date "2011.04.23"]
[Round "5.6"]
[White "Solomon,SJ"]
[Black "Steadman,M"]
[Result "1-0"]
[WhiteElo "2398"]
[BlackElo "2217"]

1.e4 e6 2.d4 d5 3.Nd2 Nc6 4.Ngf3 Nf6 5.e5 Nd7 6.Nb3 a5 7.a4 Be7 8.Bb5 Na7
9.Bxd7+ Qxd7 10.Nxa5 b6 11.Nb3 Ba6 12.c3 O-O 13.h4 c5 14.a5 cxd4 15.axb6 Nc8
16.Nbxd4 Be2 17.Rxa8 Bxd1 18.Kxd1 Nxb6 19.Rxf8+ Bxf8 20.b3 Qa7 21.Kc2 Qa2+
22.Bb2 Ba3 23.Rb1 Nd7 24.Nb5 Bxb2 25.Rxb2 Qa6 26.c4 dxc4 27.bxc4 Qc6 28.Kc3 Nb6
29.Rb4 Nd5+ 30.Kb3 Nxb4 31.Kxb4 Qe4 32.Nd6 Qb1+ 33.Kc5 Qc2 34.Kc6 Qxf2 35.Ng5 Qxg2+
36.Kd7 f6 37.exf6 gxf6 38.Nxe6 Qg4 39.c5 Qxh4 40.c6 Qa4 41.Nc5 Qd4 42.Ne6 Qa4
43.Nc5 Qd4 44.Ne4 Qa4 45.Nc3 Qd4 46.Nb5 Qg4+ 47.Kc7 h5 48.Kb8 h4 49.c7 h3
50.Ne4 Kg7 51.c8=Q Qxc8+ 52.Kxc8 f5 53.Nf2 h2 54.Kd7 Kf6 55.Nc3 Ke5 56.Ncd1 Kf4
57.Nh1 Kf3 58.Ke6 Ke2 59.Ndf2 f4 60.Kf5 Ke3 61.Kg4 f3 62.Kg3 Kd4 63.Kxh2 Ke3
64.Kg3 Kd4 65.Kf4 Kd5 66.Ng3 Kd4 67.Nge4 Kd5 68.Ke3 Ke5 69.Nc3 Kf5 70.Kd4 Kf4
71.Nce4 Kf5 72.Nc5 Kf4 73.Ncd3+ Kf5 74.Kd5 Kf6 75.Kd6 Kf7 76.Ke5 Ke7 77.Nc5 Kf7
78.Nd7 Ke7 79.Nb6 Kf7 80.Nd5 Kg6 81.Kf4 Kg7 82.Kg5 Kf7 83.Kf5 Kg7 84.Ne7 Kf7
85.Nc6 Kg7 86.Ne5 Kf8 87.Ke6 Kg7 88.Ke7 Kh6 89.Kf6 Kh5 90.Ng6 Kh6 91.Nf4 Kh7
92.Ng6 Kh6 93.Nf4 Kh7 94.Nh5 Kh6 95.Ng3 Kh7 96.Nf5 Kg8 97.Ke7 Kh7 98.Kf7 Kh8
99.Kg6 Kg8 100.Nd6 Kf8 101.Kf6 Kg8 102.Nf5 Kf8 103.Ng7 Kg8 104.Ne6 Kh7 105.Kg5 Kg8
106.Kg6 Kh8 107.Kf7 Kh7 108.Ng4 f2 109.Nf8+ Kh8 110.Nf6 f1=Q 111.Ng6+  1-0

[Event "Norsk Open A"]
[Site "Fagernes NOR"]
[Date "2011.04.23"]
[Round "9"]
[White "Kasparov,S"]
[Black "Karlsson,L"]
[Result "1/2-1/2"]
[WhiteElo "2473"]
[BlackElo "2475"]

1.e4 e6 2.d4 d5 3.Nd2 a6 4.Ngf3 c5 5.exd5 exd5 6.dxc5 Bxc5 7.Nb3 Bb6 8.Qe2+ Ne7
9.Be3 Nbc6 10.Bxb6 Qxb6 11.Qd2 O-O 12.Be2 Nf5 13.O-O Re8 14.Rfe1 Be6 15.c3 d4
16.Nbxd4  1/2-1/2

[Event "V New Open Lugano"]
[Site "Lugano SUI"]
[Date "2011.04.23"]
[Round "3.4"]
[White "Borsos,B"]
[Black "Galyas,M"]
[Result "1/2-1/2"]
[WhiteElo "2280"]
[BlackElo "2462"]

1.e4 e6 2.d4 d5 3.Nd2 Be7 4.Ngf3 Nf6 5.Bd3 c5 6.dxc5 dxe4 7.Nxe4 Nxe4 8.Bxe4 Qxd1+
9.Kxd1 Bxc5 10.Ke2 Nd7 11.Rd1 Nf6 12.Bd3 O-O 13.Ne5 b6 14.c3 Bb7 15.f3 Rfd8
16.Be3 Bd6 17.Bd4 Nd5 18.Kf2 f6 19.Nc4 Bc7 20.Kg1 Rac8 21.Bf1 Bb8 22.Bf2 Ne7
23.a4 Nd5  1/2-1/2

[Event "Joao Braga Open"]
[Site "Sao Paolo BRA"]
[Date "2011.04.23"]
[Round "6.13"]
[White "Terao,R"]
[Black "Madeira,W"]
[Result "1-0"]
[WhiteElo "2332"]
[BlackElo "2212"]

1.e4 e6 2.d4 d5 3.Nd2 Nc6 4.Ngf3 Nf6 5.e5 Nd7 6.Be2 f6 7.exf6 Qxf6 8.Nf1 Bd6
9.Bg5 Qf7 10.Ne3 O-O 11.O-O Qh5 12.h4 Qe8 13.c4 h6 14.c5 Nxc5 15.dxc5 Bxc5
16.Nxd5 Bd6 17.Nc3 hxg5 18.Nxg5 Be5 19.g3 Bd7 20.Qd3 g6 21.Rad1 Rd8 22.Qe4 Bxc3
23.bxc3 e5 24.Bg4 Kg7 25.Rxd7+ Rxd7 26.Ne6+ Kh6 27.Nxf8 Re7 28.h5 gxh5 29.Qf5 Qf7
30.Ne6 hxg4 31.Qg5+ Kh7 32.Qh4+ Kg8 33.Qxg4+ Kh8 34.Kg2 Qf6 35.Ng5 Kg7 36.Rh1 Qg6
37.Rh7+ Kg8 38.Qc4+ Re6 39.Nxe6  1-0

[Event "Dhamso Open"]
[Site "Ambalangoda SRI"]
[Date "2011.04.24"]
[Round "8"]
[White "Narayanan,Sri"]
[Black "Sharma,Di"]
[Result "1/2-1/2"]
[WhiteElo "2310"]
[BlackElo "2365"]

1.e4 e6 2.d4 d5 3.Nd2 a6 4.Ngf3 Nf6 5.e5 Nfd7 6.Bd3 c5 7.c3 Nc6 8.O-O g5
9.Nb3 h6 10.Nxc5 Nxc5 11.dxc5 Bxc5 12.Re1 Bd7 13.b4 Bf8 14.a3 Bg7 15.h3 Rc8
16.Qe2 O-O 17.Bb2 f6 18.c4 fxe5 19.cxd5 exd5 20.Nxe5 Re8  1/2-1/2

[Event "Doeberl Cup Premier"]
[Site "Canberra AUS"]
[Date "2011.04.24"]
[Round "8.1"]
[White "Deviatkin,A"]
[Black "Smerdon,D"]
[Result "1/2-1/2"]
[WhiteElo "2566"]
[BlackElo "2512"]

1.e4 e6 2.d4 d5 3.Nd2 Be7 4.c3 c5 5.dxc5 Bxc5 6.exd5 exd5 7.Nb3 Bb6 8.Nf3 Nc6
9.Bg5 Nf6 10.Bd3 Qe7+ 11.Qe2 Qxe2+ 12.Bxe2 Ne4 13.O-O Bg4 14.Bf4 g5 15.Be3 Bxe3
16.fxe3 O-O-O 17.Bd3 Bxf3 18.Rxf3 Nd6 19.Nd4 Ne5 20.Bf5+ Kb8 21.Rf2 Nec4
22.Re1 Rde8 23.Bd3 Rxe3 24.Rxe3 Nxe3 25.Re2 Ng4 26.Nf3 h6 27.Ne5 Nxe5 28.Rxe5 Nc4
29.Bxc4 dxc4 30.Rf5 Rf8 31.Kf2 f6 32.Kg3 h5 33.h4 Rd8 34.hxg5 fxg5 35.Rxg5 Rd3+
36.Kh2 Rd2 37.Rb5 a6 38.Rb4 b5 39.a4 Kb7 40.axb5 a5 41.Rxc4 Rxb2 42.Rc5 Kb6
43.Rxh5 Rxb5 44.Rh6+  1/2-1/2

[Event "15th Neckar Open"]
[Site "Deizisau GER"]
[Date "2011.04.24"]
[Round "6"]
[White "Shytaj,L"]
[Black "Erdos,V"]
[Result "1/2-1/2"]
[WhiteElo "2475"]
[BlackElo "2597"]

1.e4 e6 2.d4 d5 3.Nd2 Be7 4.Bd3 c5 5.dxc5 Nf6 6.Qe2 Nc6 7.Ngf3 Bxc5 8.O-O Qc7
9.a3 O-O 10.e5 Nd7 11.b4 Bd4 12.Bxh7+ Kxh7 13.Qd3+ Kg8 14.Nxd4 Nxd4 15.Qxd4 Qxe5  1/2-1/2

[Event "Joao Braga Open"]
[Site "Sao Paolo BRA"]
[Date "2011.04.24"]
[Round "9.3"]
[White "Fier,A"]
[Black "Gallo Ponce,E"]
[Result "1-0"]
[WhiteElo "2586"]
[BlackElo "2231"]

1.e4 e6 2.d4 d5 3.Nd2 Be7 4.Ngf3 Nf6 5.e5 Nfd7 6.Bd3 c5 7.c3 Nc6 8.O-O a5
9.Re1 cxd4 10.cxd4 Qb6 11.Nb1 Nxd4 12.Nxd4 Qxd4 13.Nc3 O-O 14.Nb5 Qb6 15.Be3 Qd8
16.Qh5 b6 17.Nd4 Qc7 18.Bf4 Nc5 19.Rac1 Ba6 20.Bb1 Qd7 21.Rc3 Rfe8 22.Qg4 Bf8
23.h4 h5 24.Qg3 Bb7 25.Rec1  1-0

[Event "17th Asian Cities"]
[Site "Jakarta INA"]
[Date "2011.04.25"]
[Round "5.6"]
[White "Pourkashiyan,A"]
[Black "Hussein,AH"]
[Result "1/2-1/2"]
[WhiteElo "2371"]
[BlackElo "2377"]

1.e4 e6 2.d4 d5 3.Nd2 a6 4.Bd3 c5 5.dxc5 Bxc5 6.Qe2 Nc6 7.Ngf3 Nge7 8.a3 O-O
9.O-O Ng6 10.Nb3 Bd6 11.Bg5 Qc7 12.exd5 exd5 13.h3 h6 14.Be3 Nf4 15.Bxf4 Bxf4
16.Rad1 Bd7 17.Rfe1 Rfe8 18.Qf1 Ne5 19.Nbd4 Nc4 20.Bxc4 dxc4 21.c3 b5 22.Rxe8+ Rxe8
23.Re1 Qd8 24.Re2 Bc7 25.Qe1 Kf8 26.Ne5 Bxe5 27.Rxe5 Re7 28.Qe4 Rxe5 29.Qxe5 Qb6
30.f4 f6 31.Qd5 Qc7 32.Nf3 Qc6 33.Qd4 Bxh3 34.Qd8+ Kf7 35.Kf2 Be6 36.Nd4 Qd7
37.Qb6 Qc8 38.Qd6 Bd7 39.Qd5+ Kg6 40.Qe4+ Bf5 41.Qd5 Qd7 42.Qa8 Qd6 43.g3 Bd7
44.Qg8 Qe7 45.Qa8 Kh7 46.Qxa6 Qe4 47.Qd6 Bg4 48.Qc6 Qd3 49.Qxb5 Qd2+ 50.Kg1 Bh3
51.Qb7 Qe3+ 52.Kh2 Bg4 53.Qg2 h5 54.Nc2 Qc1 55.Nd4 Qe3 56.Qc2+ g6 57.Qg2 h4
58.gxh4 Qxf4+ 59.Qg3 Qd2+ 60.Kg1 Qc1+ 61.Kh2 Qd2+ 62.Qg2 Qf4+ 63.Qg3 Qd2+
64.Qg2 Qf4+ 65.Qg3 Qd2+  1/2-1/2

[Event "Nakhchivan Open"]
[Site "Nakhchivan AZE"]
[Date "2011.04.25"]
[Round "3.12"]
[White "Abdulov,Or"]
[Black "Filippov,An UZB"]
[Result "0-1"]
[WhiteElo "2327"]
[BlackElo "2604"]

1.e4 e6 2.d4 d5 3.Nd2 a6 4.Bd3 Nf6 5.e5 Nfd7 6.Ne2 c5 7.c3 Nc6 8.O-O b5 9.f4 Qb6
10.Nf3 g6 11.Be3 a5 12.h3 Ba6 13.g4 h5 14.Kg2 Be7 15.Qd2 O-O-O 16.Ng5 Bxg5
17.fxg5 hxg4 18.hxg4 Ncxe5 19.dxe5 Nxe5 20.Bg1 Bb7 21.Ng3 Rh4 22.Rf4 f5 23.Kf1 Rh3
24.Re1 Rxg3 25.Rxe5 Qc7 26.Bh2 Rxd3 27.Qxd3 Qxe5 28.Rf2 c4 29.Bxe5 cxd3 30.Ke1 d4
31.cxd4 Be4 32.gxf5 exf5 33.Rh2 Kd7 34.Rh7+ Ke6 35.Ra7 Rc8 36.Rc7 Rxc7 37.Bxc7 Kd5
38.Be5 Bf3 39.Kd2 Ke4 40.Bc7 a4 41.d5 f4 42.d6 Bg4 43.a3 Bf5 44.Bb6 Bd7 45.Ba7 Kf5
46.Kxd3 Kxg5  0-1

[Event "Oberhausen Easter Open"]
[Site "Oberhausen GER"]
[Date "2011.04.25"]
[Round "6.7"]
[White "Coenen,M"]
[Black "Fehmer,C"]
[Result "1/2-1/2"]
[WhiteElo "2334"]
[BlackElo "2124"]

1.e4 e6 2.d4 d5 3.Nd2 Nc6 4.Ngf3 Nf6 5.e5 Nd7 6.c3 f6 7.exf6 Qxf6 8.Bb5 Bd6
9.Nf1 O-O 10.Bg5 Qf7 11.Be3 e5 12.dxe5 Ndxe5 13.Ng5 Qe7 14.Qxd5+ Kh8 15.O-O-O h6
16.h4 Ng4 17.Bd3 Nce5 18.Bc2 Rxf2 19.Bxf2 Nxf2 20.Nd2 Nxd1 21.Rxd1 Bg4 22.Qe4 g6
23.Ngf3 Nxf3 24.gxf3 Bf5 25.Qxb7 Rd8 26.Bxf5 gxf5 27.Qb5 Bf4 28.Kc2 Qe3 29.Nf1 Qf2+
30.Kb3 Rxd1 31.Qe8+ Kg7 32.Qe7+ Kg8 33.Qe6+ Kg7 34.Qe7+ Kg8 35.Qe6+ Kg7 36.Qe7+  1/2-1/2